| 000 | 00390nam a22001457a 4500 | ||
|---|---|---|---|
| 999 |
_c3768 _d3768 |
||
| 008 | 200629b ||||| |||| 00| 0 eng d | ||
| 082 | 0 | 0 |
_a621.3819582 _bM432 |
| 100 |
_93095 _aMathur, A. P. |
||
| 245 | 1 | 0 |
_aIntroduction to microprocessors / _cby A. P. Mathur |
| 250 | _a2nd ed. | ||
| 260 |
_aNew Delhi _bMcGrawhill _c1984 |
||
| 300 | _axvii, 480 p | ||
| 650 | 0 | _aMicroprocessors | |
| 942 | _cBK | ||